000 00321nam a22001337a 4500
008 170601b xxu||||| |||| 00| 0 eng d
020 _a9780060926434
041 _aeng
080 _a94(7/8)
100 _a17
101 _aSHH
245 _aPEOPLE'S HISTORY OF THE UNITED STATES 1492-PRESENT
_cZINN,H
942 _2udc
_cBK
999 _c15193
_d15193